00530nam a22001697a 450000500170000001000150001702000260003203500130005803700130007108200110008410000290009524500900012426000360021427000500025030000200030050000400032020130514115632.0 aENG-107100 a9789381090039c500.00 aEN-90633 bDBAD/PUB a883.08 aSindkhedkar, Sushilkumar10aAnita Desai and Arun Joshi :cby Sushilkumar Sindkhedkarba study in existentialism / aHaryanabShanti Prakashanc2012 a1780, Sector-1, Delhi By-passbRohtake124001 a227p.c22cm(Hb) aIncludes bibliographical references